[Event "GER-chT Betriebe"]
[Site "Berlin"]
[Date "2006.10.06"]
[Round "4.2"]
[White "Maifeld, Uwe"]
[Black "Freyberg, Dominic"]
[Result "0-1"]
[WhiteElo "1603"]
[BlackElo "2035"]
[PlyCount "68"]
[EventDate "2006.10.05"]
[EventType "team-tourn"]
[EventRounds "7"]
[EventCountry "GER"]
[SourceTitle "EXT 2020"]
[Source "ChessBase"]
[SourceDate "2019.10.17"]
[SourceVersion "1"]
[SourceVersionDate "2019.10.17"]
[SourceQuality "1"]
[WhiteTeam "Hamburg Baubehoerde III"]
[BlackTeam "BSG ZIB/ACCSB"]
[WhiteTeamCountry "GER"]
[BlackTeamCountry "GER"]

1. e4 c5 2. f4 d5 3. e5 Nc6 4. Nf3 Bg4 5. Be2 e6 6. 0-0 Nge7 7. h3 Bxf3 8. Bxf3 Nf5 9. c3 c4 10. d4 cxd3 11. Qxd3 Bc5+ 12. Kh2 Qh4 13. Bg4 Nh6 14. Qg3 Nxg4+ 15. Qxg4 Qxg4 16. hxg4 f6 17. b4 Bb6 18. b5 Ne7 19. Ba3 fxe5 20. fxe5 Rc8 21. Rf3 Rc4 22. Kg3 h5 23. Bxe7 Rxg4+ 24. Kh2 Kxe7 25. Nd2 Rf8 26. Raf1 Rxf3 27. Nxf3 Bc7 28. Kh3 Rc4 29. Ng5 Rxc3+ 30. Kh4 Bxe5 31. Rf7+ Kd6 32. Kxh5 Bf6 33. Rxb7 Bxg5 34. Kxg5 Ra3 0-1

[Event "GER-chT Betriebe"]
[Site "Berlin"]
[Date "2006.10.06"]
[Round "3.2"]
[White "Schroeder, Wilfried"]
[Black "Maifeld, Uwe"]
[Result "1-0"]
[WhiteElo "1400"]
[BlackElo "1603"]
[PlyCount "91"]
[EventDate "2006.10.05"]
[EventType "team-tourn"]
[EventRounds "7"]
[EventCountry "GER"]
[SourceTitle "EXT 2007"]
[Source "ChessBase"]
[SourceDate "2006.11.23"]
[SourceVersion "1"]
[SourceVersionDate "2006.11.23"]
[SourceQuality "1"]
[WhiteTeam "Bremen Airbus II"]
[BlackTeam "Hamburg Baubehoerde III"]
[WhiteTeamCountry "GER"]
[BlackTeamCountry "GER"]

1. Nf3 Nf6 2. d4 g6 3. g3 Bg7 4. Bg2 d5 5. Nc3 e6 6. Bf4 Nc6 7. 0-0 0-0 8. h3 Ne4 9. Nb5 Bd7 10. c3 e5 11. dxe5 Nxe5 12. Nxe5 Bxb5 13. Bxe4 dxe4 14. Qxd8 Raxd8 15. Rfe1 f5 16. a4 Ba6 17. b4 c6 18. c4 Bxe5 19. Bxe5 Bxc4 20. e3 a6 21. a5 Rd3 22. Rac1 Bb5 23. h4 Rfd8 24. Bd4 Kf7 25. Kg2 Ke6 26. Rb1 h6 27. Rec1 g5 28. h5 f4 29. Bb6 R8d7 30. exf4 gxf4 31. Re1 f3+ 32. Kh3 Kf5 33. g4+ Ke5 34. Be3 R7d6 35. Kg3 Rf6 36. Rbc1 Rb3 37. Rc5+ Ke6 38. Bd4 Be2 39. Re5+ Kf7 40. Bc5 Re6 41. Rf5+ Rf6 42. Rf4 Rxf4 43. Kxf4 Bd3 44. Ke5 Rb2 45. Kd6 Rxf2 46. Bxf2 1-0